000 00818nam a22002177a 4500
005 20260218114359.0
008 260218b |||||||| |||| 00| 0 eng d
020 _a9789393875013
040 _cVITAP
082 _223
_a796.358 RAO
100 _aRao, Rajasekhara Ed.
_917063
245 _aRoad To 1000
_b: India`s 100 ODIS in 1000 Pictures
_c/ V.V. Rajasekhara Rao Ed.
260 _aChennai
_bTHG Publishing Pvt Ltd.
_c2025
300 _a511p, ill.:24cm*33cm
650 0 _aChronological Photographic Narrative, Milestones & Landmark Events, Historic & Iconic Photographs, Captions & Contextual Text, Tribute to Fans & the Game etc.
_917065
700 _aNarayanan, R Ed.
_917066
700 _aPrasad, G Ed.
_917068
700 _aAcharya, Ayan Ed.
_917069
700 _aPrasad, Dhruva Ed.
_917070
942 _2ddc
_cREF
999 _c47265
_d47265